| 000 | 00608nam a2200193 4500 | ||
|---|---|---|---|
| 999 |
_c171907 _d171907 |
||
| 005 | 20200123121902.0 | ||
| 010 | _aENG-127523 | ||
| 020 |
_c1395.00 _a9789382730590 |
||
| 035 | _aEN-111055 | ||
| 037 | _bDBAD/PUB | ||
| 082 | _a370.15 | ||
| 100 | _aTambe,Shashikant L. | ||
| 245 |
_aPsychology of Education/ _cby Shashikant L. Tambe, |
||
| 260 |
_aKanpur _bGarima Prakashan _c2017 |
||
| 270 |
_a1st floor, Mayur Park, Basant Vihar Naubasta _bKanpur _e208021 |
||
| 300 |
_avi;328p. _c22cm(pbk) |
||
| 500 | _aincludes bibliographical references and index | ||
| 942 |
_2ddc _cEN _h370.15 _mTAM |
||